000 01475cam a2200289 a 4500
001 465680816
003 OCoLC
005 20150408114040.0
008 091112s2010 maua b 001 0 eng
010 _a2009046287
020 _a9780240812359
_c(alk. paper)
020 _a0240812352
_c(alk. paper)
035 _a(OCoLC)465680816
040 _aDLC
_cDLC
_dYDX
_dYDXCP
_dCDX
_dBWX
050 0 0 _aP96.A86
_bF75 2010
082 _222
_a808.066302
100 1 _aFriedmann, Anthony.
_915180
245 1 0 _aWriting for visual media /
_cAnthony Friedmann.
250 _a3rd ed.
260 _aBurlington, MA :
_bFocal Press,
_cc2010.
300 _axxvii, 399 p. :
_bill. ;
_c24 cm.
504 _aIncludes bibliographical references and index.
505 0 _aDescribing one medium through another -- A seven-step method for developing a creative concept -- The stages of script development -- Describing sight and sound -- Ads and PSAs: copywriting for visual media -- Corporate communications: selling, telling, training, and promoting -- Documentary and nonfiction narrative -- Dramatic structure and form -- Writing techniques for long-form scripts -- Television series, sitcoms, and soaps -- Writing and interactive design -- Writing for interactive communications -- Writing for interactive entertainment -- Writing for mobile media -- You can get paid to do this.
650 0 _aMass media
_xAuthorship.
_98673
650 0 _aVisual communication.
_915181
942 _2ddc
_cBOOK
999 _c23792
_d258292